Países con las Mayores Muertes en Conflictos - Estadísticas

Estadísticas generales
  • Esta prueba ha sido intentada 3.928 veces
    2.460 desde el último reinicio
  • La puntuación promedio es 7 de 12
Estadísticas de respuestas
# País % Correcto
50 461 Siria
85%
15 992 Irak
84%
300 119 Ucrania
81%
144 503 Afganistán
80%
20 758 R. D. Congo
58%
95 467 Yemen
53%
19 370 Somalia
52%
25 641 Nigeria
51%
136 506 México
45%
135 099 Etiopía
42%
11 457 Malí
39%
31 970 Myanmar
27%
No se encontraron pruebas coincidentes
Distribución de puntuación
Porcentaje de gente con cada puntuación
Porcentaje por número respondido
Historial de tus puntuaciones
No has intentado esta prueba desde el último reinicio